000 00708nam a22002297i 4500
003 URS
005 20220117094915.0
008 171109b xxu||||| |||| 00| 0 eng d
020 _a9719146834
040 _erda
_cURSP-College Library
_beng
050 _b899.211 S54 1999
100 1 _aSemorlan, Teresita Perez
245 _aPanitikan sa Nagbabagong Panahon
_cTeresita Perez Semorlan
264 1 _aManila
_bMiriam College Foundation, Incorporated
_c1999.
300 _axii, 252pages
_c23cm.
336 _atext
_btxt
_2rdacontent
337 _aunmediated
_bn
_2rdamedia
338 _avolume
_bnc
_2rdacarrier
500 _aIncludes talasanggunian
650 0 _apanitikan-nagbabagong-panahon.
942 _2lcc
_cF
999 _c8585
_d8585